000 00789nam a2200217Ia 4500
003 GCL
008 140319s9999 xx 000 0 ara d
040 _aGCL /
_cGCL
082 0 4 _a248.2
_bع ا
100 1 _aعلى يحيى عمر
245 1 0 _aالاباضية بين الفروق الاسلامية عند كتاب المقالات فى القديم والحديث /
_cعلى يحيى عمر
260 _a[S.N] :
_bوزارة التراث القومى والثقافة ،
_c1992
300 _a299 ص
490 _a
650 0 4 _aالحركات الفكرية عند المسلمين
650 0 4 _aالتاريخ الاسلامى
650 0 4 _aالفرق الاسلامية
650 0 4 _aالحركات الفكرية
650 0 4 _aفقه الاباضية
942 _2ddc
_cBK
999 _c35666
_d35666